000 00536nam a2200169 i 4500
001 49126
003 ES-MaACL
005 20230906161906.0
007 t|
008 030708s1949 sp ||||1| spa d
100 1 _aCorregel Valero, Sebastián.
_940778
245 1 0 _aCicerone Toledo
_b: guía oficial de comercio e industria de la provincia /
_cSebastián Corregel Valero.
250 _a2ª ed.
260 _aToledo :
_bEdit. Católica Toledana,
_c1949.
300 _a184 p., 2 map. ;
_c17 cm.
852 _aES-MaACL
_jB-12959
_bR.29025
999 _c49126
_d49126